الموت و عذاب القبر و يليه التوهم / (Record no. 94438)

MARC details
000 -الفاتح
عناصر البيانات ثابتة الطول 00660cam a2200193 i 4500
005 - تاريخ ووقت آخر معاملة
حقل ضبط 20251207115059.0
008 - عناصر البيانات ثابتة الطول
عناصر البيانات ثابتة الطول 250721s2002 jo gr 000 0 ara d
082 14 - رقم تصنيف ديوي العشري
رقم التصنيف 214.5
رقم المادة ع ط و
100 1# - مدخل رئيسي – اسم شخصي
الاسم الشخصي عطون، أحمد موسى
علاقة الشخص بالعمل/ دوره معد.
245 12 - بيان العنوان
العنوان الموت و عذاب القبر و يليه التوهم /
بيان المسؤولية اعداد احمد موسى عطون ابو عرام.
250 ## - بيان الطبعة
بيان الطبعة الطبعه الاولى.
264 31 - بيانات النشر، التوزيع…إلخ
مكان النشر، التوزيع...إلخ عمان :
اسم الناشر، الموزع...إلخ دار البيت العتيق،
تاريخ النشر، التوزيع...إلخ 2002.
300 ## - الوصف المادي
عدد الوحدات المكونة للوعاء 104صفحه.
650 17 - مدخل إضافي بالموضوع - مصطلح موضوعي
مصطلح موضوعي أو اسم جغرافي كعنصر مدخل الإسلام.
650 17 - مدخل إضافي بالموضوع - مصطلح موضوعي
مصطلح موضوعي أو اسم جغرافي كعنصر مدخل الوفاة.
650 17 - مدخل إضافي بالموضوع - مصطلح موضوعي
مصطلح موضوعي أو اسم جغرافي كعنصر مدخل عذاب القبر.
942 ## - بيانات إضافية (كوها)
نوع التنصيف Dewey Decimal Classification
نوع المادة (كوها) Books
Holdings
حالة السحب حالة الفقدان مصدر التصنيف حالة التلف غير قابل للإعارة المكتبة الرئيسية المكتبة الحالية موقع الرف تاريخ التزويد الرقم المتسلسل Total Checkouts رقم الإستدعاء الباركود تاريخ آخر ظهور تاريخ الفاتورة نوع المادة (كوها)
    Dewey Decimal Classification     المكتبة المركزية المكتبة المركزية الإعارة 28/07/2025 560954   214.5 / ع ط و 560954 28/07/2025 28/07/2025 Books
    Dewey Decimal Classification     مكتبة الأميرة ايمان العامة مكتبة الأميرة ايمان العامة الإعارة 28/07/2025 560956   214.5/عطو 560956 28/07/2025 28/07/2025 Books
    Dewey Decimal Classification     مكتبة صويلح العامة مكتبة صويلح العامة الإعارة 20/10/2015 560957   214.5/عطو PLD00357865 28/07/2025 20/10/2015 Books
Implemented & Customized by: BBB with SCIT (Smart Chains for Information Technology)

Powered by Koha